Ingeniería de control moderna
Saved in:
| Hovedforfatter: | |
|---|---|
| Format: | Bog |
| Sprog: | spansk |
| Udgivet: |
Ciudad de México
Prentice-Hall Hispanoamericana
1993
|
| Udgivelse: | 2a. ed |
| Fag: | |
| Tags: |
Tilføj Tag
Ingen Tags, Vær først til at tagge denne postø!
|
MARC
| LEADER | 00000nam a2200000 a 4500 | ||
|---|---|---|---|
| 001 | UCT9872 | ||
| 003 | CL-VaPUC | ||
| 008 | 970412e19930000MX |||||||||||||||||spa|d | ||
| 082 | 0 | 4 | |a 629.8 |b OGA |2 21 |
| 100 | |a Ogata, Katsuhiko |e autor |9 306008 | ||
| 245 | 1 | 0 | |a Ingeniería de control moderna |
| 250 | |a 2a. ed | ||
| 300 | |a 1020 p | ||
| 942 | |c BK | ||
| 945 | |d 19970412 00:00:00 |a rleighto | ||
| 260 | |a Ciudad de México |b Prentice-Hall Hispanoamericana |c 1993 | ||
| 650 | 0 | |a Control automático |9 259890 | |
| 650 | 0 | |a Teoría del control |9 260349 | |
| 650 | 0 | |a Sistemas de control |9 263596 | |
| 650 | 0 | |a Sistemas dinámicos |9 260496 | |
| 583 | |a last modification |c 19970412 00:00:00 |k Rodrigo Vera | ||
| 999 | |c 258221 |d 258219 | ||
| 952 | |0 0 |1 0 |4 0 |6 629_800000000000000_OGA_1993 |7 0 |8 A |9 282140 |a BIBING |b BIBING |d 2019-11-19 |i 3298531 |o 629.8 OGA 1993 |p 3298531 |r 2023-03-02 |w 2019-11-19 |y BK |k EIE | ||
| 952 | |0 0 |1 0 |2 ddc |4 0 |6 629_800000000000000_OGA_1993 |7 0 |8 A |9 282141 |a BIBMEC |b BIBMEC |d 2019-11-19 |i 3422437 |o 629.8 OGA 1993 |p 3422437 |r 2024-01-19 |w 2019-11-19 |y BK_P |k MEC | ||